000 00263nam a22001217a 4500
041 _aENG
100 _aDanesh .A
245 _aTeach Yourself Java Script In A Week
260 _aIndia
_bSams Net
_c1996
300 _a543
650 _aComputer
856 _uComputer
999 _c737
_d737